| 000 | 00317nam a22001217a 4500 | ||
|---|---|---|---|
| 999 |
_c66835 _d66832 |
||
| 082 | _aR/4CE17 | ||
| 100 |
_aAbu Talib _a17CE122 |
||
| 245 | _aEffect of Mould Size on Strength of Green Concrete | ||
| 260 |
_aNawabshah: _bQUEST, _c2020. |
||
| 300 | _a37p. ; | ||
| 700 | _aDepartment of Civil Engineering | ||
| 942 | _cTHESIS | ||